Online
Catalog

Vicente Pérez Rosales : (Record no. 39257)

MARC details
000 -CABECERA
campo de control de longitud fija 00732nam a2200169 a 4500
001 - NÚMERO DE CONTROL
campo de control 000039767
005 - FECHA Y HORA DE LA ÚLTIMA TRANSACCIÓN
campo de control 20201002033725.0
008 - DATOS DE LONGITUD FIJA--INFORMACIÓN GENERAL
campo de control de longitud fija 130718s1986 ch 000 0 spa d
020 ## - NÚMERO INTERNACIONAL ESTÁNDAR DEL LIBRO
Número Internacional Estándar del Libro 8483401312
040 ## - FUENTE DE LA CATALOGACIÓN
Centro catalogador/agencia de origen DO-SdBNP
Lengua de catalogación spa
Centro/agencia transcriptor BNPHU
100 1# - ENTRADA PRINCIPAL--NOMBRE DE PERSONA
Nombre de persona Pérez Rosales, Vicente,
Fechas asociadas al nombre 1807-1886.
9 (RLIN) 65960
245 10 - MENCIÓN DE TÍTULO
Título Vicente Pérez Rosales :
Resto del título páginas escogidas /
Mención de responsabilidad, etc. compilación de Alfonso Caderón Semblanza de Vicente Pérez Rosales por Enrique Campos Menéndez. Calderón.
260 ## - PUBLICACIÓN, DISTRIBUCIÓN, ETC.
Lugar de publicación, distribución, etc. Santiago de Chile :
Nombre del editor, distribuidor, etc. Editorial Universitaria
-- Biblioteca Nacional,
Fecha de publicación, distribución, etc. 1986.
300 ## - DESCRIPCIÓN FÍSICA
Extensión 279 p. ;
Dimensiones 25 cm.
700 1# - PUNTO DE ACCESO ADICIONAL--NOMBRE DE PERSONA
Nombre de persona Calderón, Alfonso
Término indicativo de función/relación pról.
9 (RLIN) 47986
700 1# - PUNTO DE ACCESO ADICIONAL--NOMBRE DE PERSONA
Nombre de persona Campos Menéndez, Enrique,
Fechas asociadas al nombre 1914-
Título de la obra Semblanza de Vicente Pérez Rosales.
Fecha de publicación/de la obra 1986.
9 (RLIN) 65961
Holdings
Estado de retiro Estado de pérdida Restricciones de uso No para préstamo Código de colección Localización permanente Ubicación/localización actual Ubicación en estantería Fecha de adquisición Número de inventario Total de préstamos Signatura topográfica completa Código de barras Fecha visto por última vez Precio válido a partir de Tipo de ítem Koha
      Excluido de préstamo Monografías: Libros y Folletos General General En catalogación 18.07.2013 LF1   39767-10 25.06.2020 25.06.2020 No se presta

Powered by Koha